00000000nam 2200000zi 4500
0019.947174
003CaOODSP
00520250121091805
006m     o  d f      
007cr bn|||||||||
008250121t19981998onca    obfu f000 0 fre d
020 |z0660959593
040 |aCaOODSP|bfre|erda|cCaOODSP
043 |an-cn---
0861 |aNR36-1/1995-9-1F-PDF|zNR36-1/1995-9-1F
24500|aGuide de l'utilisateur - CNB 1995 : |bMaisons et petits bâtiments (partie 9) / |cpublié par la Commission canadienne des codes du bâtiment et de prévention des incendies.
24613|aGuide de l'utilisateur - Code national du bâtiment - Canada, 1995 : |bMaisons et petits bâtiments (partie 9)
250 |aPremière édition, Première impression.
264 1|aOttawa : |bConseil national de recherches du Canada, |c1998.
264 4|c©1998
300 |a1 ressource en ligne (vi, 303 pages) : |billustrations
336 |atexte|btxt|2rdacontent/fre
337 |ainformatique|bc|2rdamedia/fre
338 |aressource en ligne|bcr|2rdacarrier/fre
500 |aTitre de la couverture.
500 |aLe numéro de catalogue (NR36-1/1995-9-1F) et l'ISBN (0660959593) de l'édition imprimée ont été copiés dans l'édition électronique.
500 |aPublié aussi en anglais sous le titre : User's Guide - NBC 1995 : Housing and Small Buildings (Part 9).
504 |aComprend des références bibliographiques.
520 |a« Le présent Guide de l'utilisateur vise à aider les utilisateurs du Code national du bâtiment du Canada (CNB) à mieux comprendre les exigences de la partie 9, Maisons et petits bâtiments. Une meilleure connaissance de l'objet des exigences et des grands principes sur lesquels elles reposent devrait en faciliter la mise en application » -- Introduction, page 1.
650 6|aConstruction|xDroit|zCanada|vCodes.
650 6|aConstructions|xNormes|zCanada.
650 6|aArchitecture domestique|xNormes|zCanada|vGuides, manuels, etc.
655 7|aGuides et manuels|2rvmgf
7102 |aCommission canadienne des codes du bâtiment et de prévention des incendies, |eorganisme de publication.
77508|tUser's Guide - NBC 1995 : |w(CaOODSP)9.947171
85640|qPDF|s2.74 Mo|uhttps://publications.gc.ca/collections/collection_2025/cnrc-nrc/NR36-1-1995-9-1-fra.pdf
986 |a42049(F)